Films des États-Unis par images - Statistiques

Statistiques générales
  • Ce quiz a été pris 49 fois
  • Le résultat moyen est 8 sur 16
Statistiques - réponses
Par images Réponse % Correct
La Guerre des étoiles
98%
Titanic
98%
Blanche Neige et les sept nains
96%
King Kong
85%
Les Temps Modernes
78%
Once upon a Time in… Hollywood
78%
Autant en emporte le vent
50%
Citizen Kane
48%
Sueurs froides
35%
Le Mécano de la General
28%
Mary à tout prix
28%
La Prisonnière du désert
22%
Naissance d'une nation
17%
Pink Flamingos
13%
Empire
4%
Les Rapaces
4%
Aucun quiz correspondant
Distribution des résultats
% des personnes avec chaque résultat
Percentile par nombre de réponses
Votre historique - résultats
Vous n’avez pas pris ce quiz